000 nam a22 a 4500
999 _c1726
_d1726
003 AKMAL
005 20170511145017.0
008 170511s2003 my | e bi 001 0 may d
020 _a9676113697 (kkt.) :
_cRM27.90
040 _aAKMAL
082 0 4 _a338.9595 MAH
_221
090 0 0 _a338.9595
_bMAH
100 0 _aMahathir Mohamad,
_cTun,
_d1925-
_941
245 1 0 _aPengurusan ekonomi Malaysia :
_bucapan pilihan Dr. Mahathir Mohamad, Perdana Menteri Malaysia /
_ceditor Hashim Makaruddin, penterjemah Mokhtar Ahmad
246 3 0 _aUcapan pilihan Dr. Mahathir Mohamad, Perdana Menteri Malaysia
260 _aKuala Lumpur :
_bUtusan Publications & Distributors ,
_c2003
300 _ax, 237ms. ;
_c25cm.
500 _aKoleksi Peribadi YABhg. Tun Ahmad Sarji (2100366) (2100562)
504 _aMengandungi rujukan bibliografi dan indeks
650 1 0 _aSpeeches, addresses, etc.
_954
651 0 _aMalaysia
_xEconomic policy
_949
651 0 _aMalaysia
_xEconomic conditions
_963
700 0 _aHashim Makaruddin
_958
700 0 _aMokhtar Ahmad
_981
942 _2ddc
_cBOOK